| 000 | 00706nam a22002297a 4500 | ||
|---|---|---|---|
| 003 | DO-SdBPM | ||
| 005 | 20250225084521.0 | ||
| 008 | 1607182000 xxu a spa d | ||
| 020 | _a0439203783 | ||
| 040 |
_aDO-SdBPM _bspa _cBPMSU |
||
| 082 | 4 |
_a819.3 _bB772fr 2000 _222 |
|
| 100 | 1 |
_aBourgeois, Paulette _d1951- |
|
| 245 | 1 | 0 |
_aFranklin´s baby sister / _cPaulette Bourgeois, Brenda Clark |
| 260 |
_aNew York : _bScholastic, _c2000 |
||
| 300 |
_a[30] p. : _bil. ; _c23 cm. |
||
| 500 | _aLibros infantiles en inglés | ||
| 650 | 4 | _aCuentos infantiles canadienses | |
| 650 | 4 | _aLibros ilustrados para niños | |
| 700 | 1 | _aClark, Brenda | |
| 910 | _aVMateo V. Control de calidad. BPMSU | ||
| 942 |
_2ddc _cBK |
||
| 999 |
_c14955 _d14955 |
||